00752nam a2200217Ia 450000500170000000800410001702000180005804100080007608200190008410000210010324500720012426000400019630000090023650000290024565000360027470000340031090600070034494200070035199900170035895201590037520251118154341.0230125s9999 xx 000 0 und d a9789380032108 aeng a158.1bBAR/BAR aBarnes M9215056 aStand and Deliver : A Master Class in Making Powerful Presentations c2009bWestland PublicationsaMumbai a178p aPersonality Development, aPersonality Development9213420 aBarnes M & Barnes M J9215071 b59 cBK c89845d89845 00104070aHIMRbHIMRd2009-09-22eWord Book Shopg295.00i58l0o158.1 BAR/BAR B07695pHIMR-BK-7695r2023-01-25 00:00:00v236.00w2009-09-15yBKzB07695